[Event "Niedersachsen-ch"]
[Site "Verden an der Aller"]
[Date "2020.01.03"]
[Round "4"]
[White "Eickhoff, Hermann"]
[Black "Seidenstuecker, Hans Lennart"]
[Result "1-0"]
[WhiteElo "1785"]
[BlackElo "1714"]
[PlyCount "59"]
[EventDate "2020.01.02"]
[EventType "swiss"]
[EventRounds "7"]
[EventCountry "GER"]
[SourceTitle "EXT 2021"]
[Source "ChessBase"]
[SourceDate "2020.10.23"]
[SourceVersion "1"]
[SourceVersionDate "2020.10.23"]
[SourceQuality "1"]

1. c4 c5 2. g3 g6 3. Bg2 Bg7 4. Nc3 Nc6 5. Nf3 e6 6. 0-0 Nge7 7. d3 0-0 8. e4 d6 9. Be3 Nd4 10. Bxd4 cxd4 11. Ne2 e5 12. b4 f5 13. exf5 gxf5 14. Qb3 Kh8 15. c5 e4 16. Ng5 d5 17. Nf4 Rf6 18. Rad1 a5 19. Nh5 Rg6 20. Nf7+ Kg8 21. Nxd8 a4 22. Qb1 Bh6 23. dxe4 fxe4 24. b5 Bg4 25. Nxb7 e3 26. Rxd4 Bxh5 27. Bxd5+ Nxd5 28. Rxd5 e2 29. Rxh5 exf1Q+ 30. Kxf1 1-0

[Event "Niedersachsen-ch"]
[Site "Verden an der Aller"]
[Date "2020.01.03"]
[Round "3"]
[White "Frese, Immo"]
[Black "Eickhoff, Hermann"]
[Result "0-1"]
[WhiteElo "1697"]
[BlackElo "1785"]
[PlyCount "62"]
[EventDate "2020.01.02"]
[EventType "swiss"]
[EventRounds "7"]
[EventCountry "GER"]
[SourceTitle "EXT 2021"]
[Source "ChessBase"]
[SourceDate "2020.10.23"]
[SourceVersion "1"]
[SourceVersionDate "2020.10.23"]
[SourceQuality "1"]

1. d4 Nf6 2. c4 d6 3. Nc3 c6 4. e4 Nbd7 5. Nf3 e5 6. d5 Nc5 7. Qc2 Be7 8. h3 a5 9. Be2 Na6 10. a3 Bd7 11. Be3 cxd5 12. cxd5 0-0 13. 0-0 Qc7 14. Rac1 Rfc8 15. Qd3 Nc5 16. Bxc5 Qxc5 17. Nd2 a4 18. Na2 Qa7 19. Nb4 Rc5 20. Qb1 Rac8 21. Rc2 Rxc2 22. Nxc2 Qa5 23. Nb4 Qc5 24. Rd1 Bd8 25. Na2 Bb6 26. Rf1 Qc2 27. Qe1 Ba5 28. Nb4 Bxb4 29. axb4 b5 30. f3 Qxb2 31. f4 Rc2 0-1

[Event "Niedersachsen-ch op B"]
[Site "Verden"]
[Date "2019.01.03"]
[Round "2"]
[White "Rabe, Maximilian"]
[Black "Eickhoff, Hermann"]
[Result "1-0"]
[WhiteElo "1642"]
[BlackElo "1672"]
[PlyCount "47"]
[EventDate "2019.01.03"]
[EventType "swiss"]
[EventRounds "7"]
[EventCountry "GER"]
[SourceTitle "EXT 2022"]
[Source "ChessBase"]
[SourceDate "2021.10.06"]
[SourceVersion "1"]
[SourceVersionDate "2021.10.06"]
[SourceQuality "1"]

1. e4 c5 2. Nf3 Nc6 3. d4 cxd4 4. Nxd4 g6 5. Nc3 Bg7 6. Be3 d6 7. Bc4 Nf6 8. Qd2 0-0 9. 0-0-0 a6 10. h3 Ne5 11. Bb3 b5 12. f4 Nc4 13. Qf2 Bb7 14. e5 Ne8 15. h4 Rc8 16. h5 Qa5 17. hxg6 dxe5 18. Qh4 fxg6 19. Qxh7+ Kf7 20. fxe5 Rh8 21. e6+ Kf8 22. Qxg6 Ncd6 23. Rxh8+ Bxh8 24. Rf1+ 1-0

[Event "Niedersachsen-ch op A"]
[Site "Verden"]
[Date "2018.01.07"]
[Round "7"]
[White "Eickhoff, Hermann"]
[Black "Kueck, Artur"]
[Result "0-1"]
[WhiteElo "1750"]
[BlackElo "1834"]
[PlyCount "42"]
[EventDate "2018.01.04"]
[EventType "swiss"]
[EventRounds "7"]
[EventCountry "GER"]
[SourceTitle "EXT 2022"]
[Source "ChessBase"]
[SourceDate "2021.10.06"]
[SourceVersion "1"]
[SourceVersionDate "2021.10.06"]
[SourceQuality "1"]

1. c4 c5 2. g3 Nc6 3. Bg2 g6 4. Nc3 Bg7 5. Nf3 e6 6. d3 Nge7 7. 0-0 0-0 8. Bf4 d5 9. cxd5 exd5 10. Qd2 b6 11. e4 dxe4 12. Nxe4 Ba6 13. Rfd1 Nf5 14. g4 Nfd4 15. Nxd4 Nxd4 16. Nc3 Rc8 17. Bg5 Qd7 18. h3 Bb7 19. Ne4 f5 20. gxf5 Rxf5 21. Bf4 Rxf4 0-1

[Event "Niedersachsen-ch op A"]
[Site "Verden"]
[Date "2018.01.06"]
[Round "6"]
[White "Helmer, Jan"]
[Black "Eickhoff, Hermann"]
[Result "1-0"]
[WhiteElo "1869"]
[BlackElo "1750"]
[PlyCount "103"]
[EventDate "2018.01.04"]
[EventType "swiss"]
[EventRounds "7"]
[EventCountry "GER"]
[SourceTitle "EXT 2022"]
[Source "ChessBase"]
[SourceDate "2021.10.06"]
[SourceVersion "1"]
[SourceVersionDate "2021.10.06"]
[SourceQuality "1"]

1. d4 Nf6 2. Nf3 g6 3. Nc3 Bg7 4. e4 d6 5. Be3 0-0 6. Qd2 Ng4 7. Bg5 f6 8. Bh4 Bh6 9. Qe2 Bg7 10. h3 Nh6 11. 0-0-0 c6 12. g4 Nf7 13. Bg2 Qa5 14. Nd2 b5 15. Nb3 Qc7 16. Bg3 a5 17. f4 a4 18. Nd2 b4 19. Ncb1 Ba6 20. Qf2 e5 21. dxe5 fxe5 22. f5 Nd7 23. h4 Rac8 24. g5 gxf5 25. exf5 d5 26. f6 Nd6 27. Bh3 Rce8 28. Bxd7 Qxd7 29. Qb6 Bb5 30. fxg7 Qxg7 31. Rde1 Nf5 32. Rhg1 e4 33. c4 e3 34. Nf1 Bxc4 35. Nxe3 Nxe3 36. Rxe3 Bxa2 37. Rxe8 Rxe8 38. Qxc6 Qe7 39. Re1 Qxe1+ 40. Bxe1 Rxe1+ 41. Kd2 Rxb1 42. Qe8+ Kg7 43. Qe7+ Kg6 44. Qxb4 Bb3 45. Qd6+ Kh5 46. Qh6+ Kg4 47. Qf6 Rd1+ 48. Ke2 d4 49. g6 hxg6 50. Qg5+ Kh3 51. Kf2 Rd3 52. Qg2+ 1-0

[Event "Niedersachsen-ch op A"]
[Site "Verden"]
[Date "2018.01.04"]
[Round "2"]
[White "Traetmar, Mattis"]
[Black "Eickhoff, Hermann"]
[Result "1-0"]
[WhiteElo "1904"]
[BlackElo "1750"]
[PlyCount "29"]
[EventDate "2018.01.04"]
[EventType "swiss"]
[EventRounds "7"]
[EventCountry "GER"]
[SourceTitle "EXT 2022"]
[Source "ChessBase"]
[SourceDate "2021.10.06"]
[SourceVersion "1"]
[SourceVersionDate "2021.10.06"]
[SourceQuality "1"]

1. e4 g6 2. d4 Bg7 3. Nc3 d6 4. Be3 c6 5. Qd2 Nd7 6. Nf3 e5 7. 0-0-0 Qc7 8. Bc4 a5 9. Ng5 Nh6 10. Bxf7+ Nxf7 11. Ne6 Qb6 12. dxe5 Nc5 13. Nxg7+ Kf8 14. exd6 Kxg7 15. Qd4+ 1-0

[Event "Niedersachsen-ch op-C"]
[Site "Verden"]
[Date "2017.01.07"]
[Round "6"]
[White "Eickhoff, Hermann"]
[Black "Henkel, Volker"]
[Result "1-0"]
[WhiteElo "1892"]
[BlackElo "1905"]
[PlyCount "61"]
[EventDate "2017.01.05"]
[EventType "swiss"]
[EventRounds "7"]
[EventCountry "GER"]
[SourceTitle "CBM 187 Extra"]
[Source "ChessBase"]
[SourceDate "2018.11.04"]
[SourceVersion "1"]
[SourceVersionDate "2018.11.04"]
[SourceQuality "1"]

1. c4 Nf6 2. g3 c6 3. Bg2 d5 4. cxd5 cxd5 5. Nf3 Nc6 6. 0-0 Bf5 7. d3 h6 8. Qa4 Bd7 9. Nc3 e6 10. Bf4 Be7 11. Rac1 0-0 12. Qb3 Nh5 13. Be3 b5 14. Nd4 Nxd4 15. Bxd4 Bd6 16. f4 Nf6 17. e4 dxe4 18. dxe4 b4 19. e5 bxc3 20. exf6 cxb2 21. Qxb2 Rb8 22. Qf2 gxf6 23. Bxa7 Rb5 24. Rfd1 Qe7 25. Qd4 Ba3 26. Rc7 e5 27. Qxd7 Qb4 28. Bd5 Rxd5 29. Qxd5 exf4 30. Bc5 Qa5 31. Bxf8 1-0

[Event "Niedersachsen-ch op-C"]
[Site "Verden"]
[Date "2017.01.05"]
[Round "1"]
[White "Pye, Raymond"]
[Black "Eickhoff, Hermann"]
[Result "0-1"]
[WhiteElo "1522"]
[BlackElo "1892"]
[PlyCount "106"]
[EventDate "2017.01.05"]
[EventType "swiss"]
[EventRounds "7"]
[EventCountry "GER"]
[SourceTitle "CBM 187 Extra"]
[Source "ChessBase"]
[SourceDate "2018.11.04"]
[SourceVersion "1"]
[SourceVersionDate "2018.11.04"]
[SourceQuality "1"]

1. e4 g6 2. d4 Bg7 3. Nf3 d6 4. c3 Nf6 5. Bd3 0-0 6. 0-0 Nbd7 7. Bf4 Nh5 8. Be3 e5 9. Nbd2 Nf4 10. Bxf4 exf4 11. Re1 c5 12. Nc4 cxd4 13. cxd4 Nb6 14. Ncd2 f5 15. Qb3+ Kh8 16. exf5 Bxf5 17. Bxf5 Rxf5 18. Re6 Rf6 19. Rae1 Rxe6 20. Qxe6 d5 21. b3 Qf6 22. Qg4 h5 23. Qh3 Qf8 24. Qe6 Qf6 25. Qh3 Rf8 26. Re6 Qf5 27. Qxf5 gxf5 28. Re7 Rb8 29. Kf1 Kg8 30. h3 Kf8 31. Rc7 Nc8 32. Ng5 Kg8 33. Ne6 Bf6 34. Nf3 Nb6 35. Nxf4 Bd8 36. Rc5 Be7 37. Rc2 h4 38. Ng6 Bb4 39. Ne7+ Bxe7 40. Rc7 Bd6 41. Rc2 Be7 42. Rc7 Bd8 43. Rc5 Rc8 44. Ke2 Rxc5 45. dxc5 Nd7 46. b4 Bf6 47. Kd3 Kf7 48. Ne1 Ne5+ 49. Ke3 d4+ 50. Kd2 Ke6 51. Nc2 Bg5+ 52. Kd1 Kd5 53. f3 Kc4 0-1

[Event "Niedersachsen-ch op-A"]
[Site "Verden"]
[Date "2015.01.03"]
[Round "3"]
[White "Eickhoff, Hermann"]
[Black "Brinkmann, Fabian"]
[Result "0-1"]
[WhiteElo "1962"]
[BlackElo "1897"]
[PlyCount "84"]
[EventDate "2015.01.02"]
[EventType "swiss"]
[EventRounds "7"]
[EventCountry "GER"]
[SourceTitle "EXT 2018"]
[Source "ChessBase"]
[SourceDate "2017.10.13"]
[SourceVersion "1"]
[SourceVersionDate "2017.10.13"]
[SourceQuality "1"]

1. c4 c6 2. g3 d5 3. cxd5 cxd5 4. Bg2 Nf6 5. d4 e6 6. Nc3 Be7 7. Nf3 0-0 8. 0-0 Bd7 9. Ne5 Qb6 10. e3 Rc8 11. Nxd7 Nbxd7 12. Na4 Qa6 13. Bd2 b5 14. Nc3 Nb6 15. Re1 b4 16. Bf1 Qa5 17. Nb1 Nc4 18. b3 Nxd2 19. Qxd2 Ne4 20. Qd3 Rc7 21. f3 Nc3 22. Qa6 Qb6 23. a4 bxa3 24. Nxa3 Qxb3 25. Nb5 Nxb5 26. Bxb5 Rb8 27. Rab1 Qa3 28. Qxa3 Bxa3 29. Bd3 Bb2 30. Re2 Rcb7 31. Kg2 a5 32. Rd1 a4 33. Bb1 Rc7 34. Ba2 a3 35. e4 e5 36. dxe5 d4 37. e6 fxe6 38. Bxe6+ Kf8 39. f4 Rc3 40. Rxd4 Rc6 41. Bd5 Bxd4 42. Bxc6 Rb2 0-1

[Event "Niedersachsen-ch op-A"]
[Site "Verden"]
[Date "2013.01.06"]
[Round "7"]
[White "Eickhoff, Hermann"]
[Black "Fischer, Manfred"]
[Result "1-0"]
[WhiteElo "1979"]
[BlackElo "1838"]
[PlyCount "83"]
[EventDate "2013.01.03"]
[EventType "swiss"]
[EventRounds "7"]
[EventCountry "GER"]
[SourceTitle "EXT 2014"]
[Source "ChessBase"]
[SourceDate "2013.11.20"]
[SourceVersion "1"]
[SourceVersionDate "2013.11.20"]
[SourceQuality "1"]

1. e4 e5 2. Nf3 d6 3. d4 Nd7 4. Nc3 c6 5. Be2 Be7 6. Be3 Ngf6 7. 0-0 0-0 8. h3 h6 9. Qd2 Nh7 10. Rad1 Qc7 11. a3 a6 12. Nh2 b5 13. f4 a5 14. d5 b4 15. axb4 axb4 16. Nb1 Ndf6 17. Bf3 exf4 18. Bxf4 g5 19. Be3 Ba6 20. Rf2 Nd7 21. Ng4 Kg7 22. Qxb4 c5 23. Qc3+ f6 24. Bc1 Ne5 25. Ne3 Bc8 26. Bg4 Nxg4 27. hxg4 Bd7 28. Nf5+ Bxf5 29. exf5 Rf7 30. Re2 Qb7 31. Rde1 Nf8 32. Qf3 Ra7 33. Nc3 Kg8 34. Ne4 Nd7 35. Qh3 Ne5 36. c4 Bf8 37. b3 Ra1 38. Bb2 Rxe1+ 39. Rxe1 Qb8 40. Ra1 Kg7 41. Bxe5 dxe5 42. Qh5 1-0

[Event "Niedersachsen-ch op-A"]
[Site "Verden"]
[Date "2013.01.03"]
[Round "1"]
[White "Eickhoff, Hermann"]
[Black "Rose, Shawn"]
[Result "1-0"]
[WhiteElo "1979"]
[BlackElo "1887"]
[PlyCount "49"]
[EventDate "2013.01.03"]
[EventType "swiss"]
[EventRounds "7"]
[EventCountry "GER"]
[SourceTitle "EXT 2014"]
[Source "ChessBase"]
[SourceDate "2013.11.20"]
[SourceVersion "1"]
[SourceVersionDate "2013.11.20"]
[SourceQuality "1"]

1. e4 c5 2. Nf3 Nc6 3. d4 cxd4 4. Nxd4 e6 5. Nc3 Be7 6. Be3 Nf6 7. Be2 Bb4 8. Bd3 Qa5 9. 0-0 Bxc3 10. bxc3 Ne5 11. f4 Neg4 12. Bd2 e5 13. Nf5 Qc5+ 14. Kh1 g6 15. fxe5 gxf5 16. exf6 Nf2+ 17. Rxf2 Qxf2 18. exf5 d5 19. Qe1+ Qxe1+ 20. Rxe1+ Kd8 21. Re7 Rf8 22. g4 Bd7 23. Bh6 Re8 24. Rxf7 Bc6 25. Rxh7 1-0

[Event "Niedersachsen-ch op-A"]
[Site "Verden"]
[Date "2013.01.03"]
[Round "2"]
[White "Heinemann, Ernst"]
[Black "Eickhoff, Hermann"]
[Result "1-0"]
[WhiteElo "2135"]
[BlackElo "1979"]
[PlyCount "69"]
[EventDate "2013.01.03"]
[EventType "swiss"]
[EventRounds "7"]
[EventCountry "GER"]
[SourceTitle "EXT 2014"]
[Source "ChessBase"]
[SourceDate "2013.11.20"]
[SourceVersion "1"]
[SourceVersionDate "2013.11.20"]
[SourceQuality "1"]

1. e4 c5 2. Nf3 Nc6 3. Bb5 Qc7 4. 0-0 g6 5. c3 Bg7 6. d4 cxd4 7. cxd4 a6 8. Bxc6 bxc6 9. Nc3 Nf6 10. h3 0-0 11. Be3 d6 12. Qd2 Re8 13. Rac1 Rb8 14. Rfd1 Qb7 15. b3 Nd7 16. Na4 Nb6 17. Nxb6 Qxb6 18. e5 Bb7 19. d5 c5 20. exd6 exd6 21. Re1 a5 22. Bf4 Ba6 23. Re3 Bb5 24. Rce1 Rxe3 25. Qxe3 c4 26. Qxb6 Rxb6 27. bxc4 Ba4 28. Re7 Kf8 29. Ra7 Bc3 30. Ng5 Be8 31. Nxh7+ Kg7 32. Ng5 Rb1+ 33. Kh2 a4 34. Bxd6 Rb2 35. Re7 1-0

[Event "Niedersachsen-ch op-B"]
[Site "Verden"]
[Date "2012.01.02"]
[Round "2"]
[White "Eickhoff, Hermann"]
[Black "Schulze, Torben"]
[Result "0-1"]
[WhiteElo "1993"]
[BlackElo "2276"]
[PlyCount "66"]
[EventDate "2012.01.02"]
[EventType "swiss"]
[EventRounds "7"]
[EventCountry "GER"]
[SourceTitle "EXT 2021"]
[Source "ChessBase"]
[SourceDate "2020.10.23"]
[SourceVersion "1"]
[SourceVersionDate "2020.10.23"]
[SourceQuality "1"]

1. c4 e5 2. g3 c6 3. Bg2 d5 4. cxd5 cxd5 5. Nf3 Nc6 6. d3 h6 7. 0-0 g6 8. Nc3 Be6 9. Qa4 Bg7 10. e4 d4 11. Nd5 Nge7 12. Nxe7 Qxe7 13. Bd2 0-0 14. b4 a6 15. a3 Rfc8 16. Rfc1 Na7 17. Qd1 Nb5 18. a4 Nc3 19. Bxc3 Rxc3 20. Rxc3 dxc3 21. d4 exd4 22. Ne1 Qxb4 23. Nd3 Qc4 24. Bf1 Qc6 25. e5 Rd8 26. f4 Bf8 27. g4 b5 28. Bg2 Qd7 29. h3 b4 30. Nf2 Bd5 31. Qxd4 Bxg2 32. Qxd7 Rxd7 33. Kxg2 b3 0-1

[Event "Niedersachsen-ch op-B"]
[Site "Verden"]
[Date "2012.01.02"]
[Round "1"]
[White "Mildner, Ramon"]
[Black "Eickhoff, Hermann"]
[Result "0-1"]
[WhiteElo "1308"]
[BlackElo "1993"]
[PlyCount "162"]
[EventDate "2012.01.02"]
[EventType "swiss"]
[EventRounds "7"]
[EventCountry "GER"]
[SourceTitle "EXT 2021"]
[Source "ChessBase"]
[SourceDate "2020.10.23"]
[SourceVersion "1"]
[SourceVersionDate "2020.10.23"]
[SourceQuality "1"]

1. e4 c5 2. c3 d6 3. d4 cxd4 4. cxd4 Nf6 5. Nc3 e6 6. Nf3 Be7 7. Bf4 0-0 8. Qd2 Nc6 9. Rc1 d5 10. exd5 Nxd5 11. Nxd5 Qxd5 12. a3 Bf6 13. Be3 Rd8 14. Bc4 Qe4 15. Rd1 e5 16. Bd3 Qg4 17. dxe5 Qxg2 18. Rg1 Qxf3 19. exf6 Qxf6 20. Bg5 Re8+ 21. Be2 Qg6 22. Kf1 Bh3+ 23. Ke1 h6 24. Rg3 Qe4 25. f3 Qe6 26. Bxh6 g6 27. Kf2 Rad8 28. Qe3 Rxd1 29. Bxd1 Bf5 30. Qxe6 Rxe6 31. Bb3 Rd6 32. h4 Ne5 33. h5 Rb6 34. Bd5 Rxb2+ 35. Ke3 Rb5 36. Kd4 Nc6+ 37. Kc4 Rb6 38. hxg6 Ne5+ 39. Kd4 Nxg6 40. f4 Kh7 41. Bg5 f6 42. Bxf6 Rxf6 43. Bxb7 Bd7 44. Be4 Bf5 45. Bxf5 Rxf5 46. Rh3+ Kg7 47. Rb3 Rxf4+ 48. Kc5 Ne7 49. Rb7 Rf5+ 50. Kb4 Kf6 51. Rb5 Nc6+ 52. Kc4 Rf4+ 53. Kc5 Ne7 54. Rb4 Rf5+ 55. Kc4 Ra5 56. a4 Nc6 57. Rb7 Ke6 58. Kb3 Ra6 59. Ka3 Kd6 60. Rb5 Rb6 61. Rxb6 axb6 62. Kb3 Kc5 63. Ka3 Na5 64. Ka2 Kb4 65. Ka1 Kxa4 66. Ka2 b5 67. Ka1 Ka3 68. Kb1 b4 69. Ka1 b3 70. Kb1 b2 71. Kc2 Ka2 72. Kc3 b1Q 73. Kd4 Qb5 74. Ke3 Qc4 75. Kd2 Nb3+ 76. Kd1 Qd3+ 77. Ke1 Qd2+ 78. Kf1 Nd4 79. Kg1 Nf3+ 80. Kf1 Nh4 81. Kg1 Qg2# 0-1

[Event "Niedersachsen-ch Seniors op 14th"]
[Site "Bad Bevensen"]
[Date "2011.07.12"]
[Round "8"]
[White "Eickhoff, Hermann"]
[Black "Merettig, Georg"]
[Result "1/2-1/2"]
[WhiteElo "1835"]
[BlackElo "1729"]
[PlyCount "106"]
[EventDate "2011.07.05"]
[EventType "swiss"]
[EventRounds "9"]
[EventCountry "GER"]
[SourceTitle "EXT 2012"]
[Source "ChessBase"]
[SourceDate "2011.11.24"]
[SourceVersion "1"]
[SourceVersionDate "2011.11.24"]
[SourceQuality "1"]

1. c4 Nc6 2. Nc3 f5 3. Nf3 e5 4. d4 e4 5. Bg5 Nf6 6. Ne5 d6 7. Nxc6 bxc6 8. Rb1 Be7 9. h3 0-0 10. e3 d5 11. Qa4 h6 12. Bf4 Bb7 13. c5 Nh5 14. Bh2 f4 15. Be2 Qe8 16. Qd1 Qg6 17. Bxh5 Qxg2 18. Rg1 Qxh2 19. Qg4 Bg5 20. Rg2 Qh1+ 21. Kd2 fxe3+ 22. Kc2 Bc8 23. Rxh1 Bxg4 24. Bxg4 exf2 25. Rf1 Be3 26. Ne2 Rab8 27. a3 Rf6 28. h4 a5 29. Rg3 Bf4 30. Rg2 Be3 31. Kc3 a4 32. b4 axb3 33. Kb2 Rbf8 34. Kxb3 Bd2 35. Kc2 e3 36. Ng3 Ra8 37. Ra1 Rf4 38. Be2 Be1 39. Bf1 Rxh4 40. Kd3 Re8 41. Ke2 Rxd4 42. Nf5 Rd2+ 43. Kf3 Rf8 44. Rxg7+ Kh8 45. Kxe3 Rxf5 46. Rxc7 Rc2 47. Rb1 Rc3+ 48. Ke2 Kg8 49. Rb8+ Rf8 50. Rbb7 Re8+ 51. Kd1 Rg3 52. Rxc6 Bc3 53. Kc2 Bg7 1/2-1/2

[Event "Niedersachsen-ch Seniors op 14th"]
[Site "Bad Bevensen"]
[Date "2011.07.10"]
[Round "6"]
[White "Eickhoff, Hermann"]
[Black "Husser, Oskar"]
[Result "1-0"]
[WhiteElo "1835"]
[BlackElo "1669"]
[PlyCount "97"]
[EventDate "2011.07.05"]
[EventType "swiss"]
[EventRounds "9"]
[EventCountry "GER"]
[SourceTitle "EXT 2012"]
[Source "ChessBase"]
[SourceDate "2011.11.24"]
[SourceVersion "1"]
[SourceVersionDate "2011.11.24"]
[SourceQuality "1"]

1. c4 Nf6 2. Nc3 g6 3. g3 Bg7 4. Bg2 0-0 5. Nf3 c5 6. d4 cxd4 7. Nxd4 Nc6 8. 0-0 Nxd4 9. Qxd4 d6 10. Bg5 Nd7 11. Qd2 Re8 12. Rac1 Rb8 13. Nb5 a6 14. Nxd6 Rf8 15. Nxc8 Qxc8 16. Bxe7 Re8 17. Bd6 Ra8 18. c5 Nb8 19. Rfe1 Nc6 20. e4 Qe6 21. b3 Rad8 22. Rc4 f5 23. e5 Nxe5 24. Rcc1 Qd7 25. Qd5+ Kh8 26. Rcd1 Nc6 27. Rxe8+ Qxe8 28. Qd2 Qd7 29. h4 h5 30. Bd5 Kh7 31. Re1 Re8 32. Rxe8 Qxe8 33. Qe3 Qxe3 34. fxe3 Bc3 35. Kf2 Kg7 36. Ke2 Kf6 37. Bf4 Bb4 38. Bd6 Bc3 39. Kd3 Nb4+ 40. Kc4 Nxd5 41. Kxd5 Bd2 42. Bf4 Ke7 43. e4 Bc3 44. e5 a5 45. e6 Bf6 46. Be5 g5 47. Bxf6+ Kxf6 48. Kd6 gxh4 49. gxh4 1-0

[Event "Niedersachsen-ch Seniors op 14th"]
[Site "Bad Bevensen"]
[Date "2011.07.09"]
[Round "5"]
[White "Haakert, Karl"]
[Black "Eickhoff, Hermann"]
[Result "1/2-1/2"]
[WhiteElo "1624"]
[BlackElo "1835"]
[PlyCount "63"]
[EventDate "2011.07.05"]
[EventType "swiss"]
[EventRounds "9"]
[EventCountry "GER"]
[SourceTitle "EXT 2012"]
[Source "ChessBase"]
[SourceDate "2011.11.24"]
[SourceVersion "1"]
[SourceVersionDate "2011.11.24"]
[SourceQuality "1"]

1. Nf3 Nf6 2. b3 c5 3. Bb2 e6 4. e3 Nc6 5. Be2 Be7 6. c4 0-0 7. 0-0 b6 8. d4 Bb7 9. a3 d5 10. Nbd2 Rc8 11. cxd5 exd5 12. Ne5 Re8 13. Bb5 Bd6 14. Nxc6 Bxc6 15. Bxc6 Rxc6 16. Nf3 Bf8 17. dxc5 bxc5 18. Rc1 h6 19. b4 c4 20. Bxf6 Rxf6 21. Qd4 a5 22. Rfd1 axb4 23. axb4 Qb8 24. Qxd5 Rc8 25. Rxc4 Rd6 26. Rxc8 Rxd5 27. Rxf8+ Kxf8 28. Rxd5 Qxb4 29. Rd1 Qb3 30. Ra1 g5 31. Nd4 Qb2 32. Rd1 1/2-1/2

[Event "Niedersachsen-ch op"]
[Site "Verden"]
[Date "2011.01.04"]
[Round "5"]
[White "Gottwald, Siegmar"]
[Black "Eickhoff, Hermann"]
[Result "1-0"]
[WhiteElo "1661"]
[BlackElo "2011"]
[PlyCount "108"]
[EventDate "2011.01.02"]
[EventType "swiss"]
[EventRounds "7"]
[EventCountry "GER"]
[SourceTitle "EXT 2018"]
[Source "ChessBase"]
[SourceDate "2017.10.13"]
[SourceVersion "1"]
[SourceVersionDate "2017.10.13"]
[SourceQuality "1"]

1. Nf3 Nf6 2. g3 g6 3. Bg2 Bg7 4. 0-0 0-0 5. c4 c5 6. d4 cxd4 7. Nxd4 Nc6 8. Nc3 Qb6 9. Nc2 d6 10. e4 Be6 11. Ne3 Rac8 12. Rb1 Rfe8 13. b3 a6 14. Ncd5 Bxd5 15. exd5 Ne5 16. Qe2 e6 17. dxe6 fxe6 18. h3 Rcd8 19. Bb2 Nf7 20. Rfd1 Qc7 21. Qf3 Nd7 22. Qxb7 Qxb7 23. Bxb7 Bxb2 24. Rxb2 Nc5 25. Bg2 Re7 26. b4 Rb8 27. a3 Na4 28. Rc2 Rc7 29. Rb1 Kf8 30. b5 a5 31. Bf1 Ne5 32. f4 Nd7 33. Rd1 Ke7 34. g4 Ndb6 35. f5 gxf5 36. gxf5 e5 37. Bg2 Rd8 38. Nd5+ Nxd5 39. Bxd5 Kf6 40. Be6 Nc5 41. Bd5 Rg7+ 42. Rg2 Rxg2+ 43. Kxg2 Rd7 44. b6 Kxf5 45. Rf1+ Kg6 46. Rb1 Nb7 47. Kf3 Kf6 48. Rg1 Nd8 49. Rg8 h6 50. Ke4 Ne6 51. Bxe6 Kxe6 52. Rg6+ Kf7 53. Rxh6 Kg7 54. Re6 Kf7 1-0

[Event "Niedersachsen-ch op"]
[Site "Verden"]
[Date "2011.01.03"]
[Round "3"]
[White "Kluin, Benjamin"]
[Black "Eickhoff, Hermann"]
[Result "1/2-1/2"]
[WhiteElo "1798"]
[BlackElo "2011"]
[PlyCount "42"]
[EventDate "2011.01.02"]
[EventType "swiss"]
[EventRounds "7"]
[EventCountry "GER"]
[SourceTitle "EXT 2018"]
[Source "ChessBase"]
[SourceDate "2017.10.13"]
[SourceVersion "1"]
[SourceVersionDate "2017.10.13"]
[SourceQuality "1"]

1. d4 Nf6 2. c4 e6 3. Nc3 d5 4. Bg5 Be7 5. e3 0-0 6. Rc1 c6 7. Qc2 Nbd7 8. cxd5 Nxd5 9. Bxe7 Qxe7 10. Nf3 e5 11. Nxd5 cxd5 12. Nxe5 Nxe5 13. dxe5 Qxe5 14. Bd3 g6 15. 0-0 Be6 16. Qc3 Qxc3 17. Rxc3 Rac8 18. Rfc1 Rxc3 19. Rxc3 Kg7 20. Kf1 Rc8 21. Rxc8 Bxc8 1/2-1/2

[Event "Niedersachsen-ch Seniors op 13th"]
[Site "Bad Bevensen"]
[Date "2010.07.10"]
[Round "5"]
[White "Neese, Hans Joachim"]
[Black "Eickhoff, Hermann"]
[Result "1/2-1/2"]
[WhiteElo "2151"]
[BlackElo "1895"]
[PlyCount "44"]
[EventDate "2010.07.06"]
[EventType "swiss"]
[EventRounds "9"]
[EventCountry "GER"]
[SourceTitle "EXT 2012"]
[Source "ChessBase"]
[SourceDate "2011.11.24"]
[SourceVersion "1"]
[SourceVersionDate "2011.11.24"]
[SourceQuality "1"]

1. d4 Nf6 2. Nf3 d6 3. g3 g6 4. Bg2 Bg7 5. 0-0 0-0 6. c4 Nbd7 7. Nc3 c6 8. Qc2 e5 9. e3 Re8 10. b4 a5 11. b5 exd4 12. exd4 c5 13. Na4 Nb6 14. Nxb6 Qxb6 15. Bb2 Bf5 16. Qc1 Ne4 17. d5 Re7 18. Bxg7 Kxg7 19. Nh4 Bd7 20. Re1 Rae8 21. Re3 Qd8 22. Qb2+ Nf6 1/2-1/2

[Event "Niedersachsen-ch Seniors op 13th"]
[Site "Bad Bevensen"]
[Date "2010.07.06"]
[Round "1"]
[White "Werner, Klaus"]
[Black "Eickhoff, Hermann"]
[Result "1-0"]
[WhiteElo "1596"]
[BlackElo "1895"]
[PlyCount "59"]
[EventDate "2010.07.06"]
[EventType "swiss"]
[EventRounds "9"]
[EventCountry "GER"]
[SourceTitle "EXT 2012"]
[Source "ChessBase"]
[SourceDate "2011.11.24"]
[SourceVersion "1"]
[SourceVersionDate "2011.11.24"]
[SourceQuality "1"]

1. d4 Nf6 2. c4 e6 3. Nc3 d5 4. Bf4 b6 5. e3 Bb7 6. Nf3 Bd6 7. Bg3 Ne4 8. Rc1 Nd7 9. Bxd6 Nxd6 10. cxd5 exd5 11. Qb3 Nf6 12. Bd3 0-0 13. 0-0 c5 14. Qd1 c4 15. Bb1 b5 16. Ne5 Rc8 17. f4 Nfe4 18. Bxe4 dxe4 19. f5 Qg5 20. Rf4 a6 21. h4 Qg3 22. Qe2 h5 23. Rcf1 Rfd8 24. Nd1 f6 25. Ng6 Nxf5 26. Qxh5 Nh6 27. Ne7+ Kf8 28. Nxc8 Bxc8 29. Rxf6+ Kg8 30. Rxh6 1-0

[Event "Niedersachsen-ch open"]
[Site "Verden"]
[Date "2010.01.06"]
[Round "7.16"]
[White "Eickhoff, Hermann"]
[Black "Meyer, Juergen"]
[Result "0-1"]
[WhiteElo "2030"]
[BlackElo "2093"]
[PlyCount "90"]
[EventDate "2010.01.03"]
[EventType "swiss"]
[EventRounds "7"]
[EventCountry "GER"]
[SourceTitle "EXT 2012"]
[Source "ChessBase"]
[SourceDate "2011.11.24"]
[SourceVersion "1"]
[SourceVersionDate "2011.11.24"]
[SourceQuality "1"]

1. c4 Nf6 2. Nc3 e5 3. g3 Bb4 4. Bg2 d6 5. Nf3 0-0 6. 0-0 c6 7. Qc2 Be6 8. b3 h6 9. Bb2 a5 10. d4 exd4 11. Nxd4 Nbd7 12. Rad1 Bg4 13. a3 Bc5 14. Nf5 Bxf5 15. Qxf5 Re8 16. e3 Qe7 17. Qc2 Rad8 18. Ne2 Bxe3 19. fxe3 Qxe3+ 20. Rf2 Ng4 21. Bd4 Qe7 22. Rf4 Ne3 23. Bxe3 Qxe3+ 24. Kf1 Nc5 25. Nd4 a4 26. b4 Ne6 27. Nxe6 fxe6 28. Rd3 Qa7 29. Qf2 Qa6 30. Kg1 e5 31. Rh4 d5 32. b5 cxb5 33. Bxd5+ Kh8 34. Qe3 bxc4 35. Bxc4 b5 36. Bd5 Qf6 37. Qf2 Qg5 38. Qe3 Qxe3+ 39. Rxe3 Rxd5 40. Rhe4 Kh7 41. g4 Kg6 42. h4 Kf6 43. Rf3+ Ke6 44. Kg2 Rc8 45. g5 h5 0-1